书目信息 |
| 题名: |
智能大厦网络实施指南
|
|
| 作者: | 黎连业 编著 | |
| 分册: | ||
| 出版信息: | 北京 清华大学出版社 1998.07 |
|
| 页数: | 199页 | |
| 开本: | 16开 | |
| 丛书名: | ||
| 单 册: | ||
| 中图分类: | ||
| 科图分类: | ||
| 主题词: | 计算机应用 | |
| 电子资源: | ||
| ISBN: | 7-302-03110-X | |
| 000 | 00591nam0 2200205 45 | |
| 001 | 9912031038 | |
| 005 | 19991203104841.7 | |
| 010 | @a7-302-03110-X@d20.00元 | |
| 100 | @a19991203d1998 km y0chiy0120 ea | |
| 101 | @achi | |
| 105 | @a z 000yy | |
| 200 | 1 | @a智能大厦网络实施指南@AZhi Neng Da Sha Wang Luo Shi Shi Zhi Nan@f黎连业等编著@FLi Lian Ye Deng Bian Zhu |
| 210 | @a北京@c清华大学出版社@d1998.07 | |
| 215 | @a199页@d16开 | |
| 606 | 0 | @a计算机应用 |
| 690 | @v3 | |
| 690 | @aTP393 | |
| 701 | @a黎连业@4编著 | |
| 801 | @aCN@bPFTUser@c19991203 | |
| 905 | @f2@b45531-532@dTP393@eL917/1 | |
| 智能大厦网络实施指南/黎连业等编著.-北京:清华大学出版社,1998.07 |
| 199页;16开 |
| ISBN 7-302-03110-X:20.00元 |
| ● |
| 相关链接 |
|
|
|
正题名:智能大厦网络实施指南
索取号:TP393/L917/1
 
预约/预借
| 序号 | 登录号 | 条形码 | 馆藏地/架位号 | 状态 | 备注 |
| 1 | 45531 | 200455319 | 自科库301/301自科库 116排1列6层/ [索取号:TP393/L917/1] | 在馆 | |
| 2 | 45532 | 200455328 | 自科库301/301自科库 116排1列6层/ [索取号:TP393/L917/1] | 在馆 |